[Event "Paris GCT Rapid"]
[Site "Paris"]
[Date "2017.06.23"]
[Round "7"]
[White "So, Wesley"]
[Black "Topalov, Veselin"]
[Result "1/2-1/2"]
[WhiteElo "2812"]
[BlackElo "2749"]
[PlyCount "120"]
[EventDate "2017.06.21"]
[EventType "tourn (rapid)"]
[EventRounds "9"]
[EventCountry "FRA"]
[EventCategory "22"]
[SourceTitle "CBM 179"]
[Source "ChessBase"]
[SourceDate "2017.07.12"]
[SourceVersion "1"]
[SourceVersionDate "2017.07.12"]
[SourceQuality "1"]
[TimeControl "1500"]

1. c4 {[%emt 0:00:00]} e5 {[%emt 0:00:09]} 2. Nc3 {[%emt 0:00:00]} Nf6 {
[%emt 0:00:00]} 3. Nf3 {[%emt 0:00:00]} Nc6 {[%emt 0:00:00]} 4. g3 {[%emt 0:00:
00]} d5 {[%emt 0:00:00]} 5. cxd5 {[%emt 0:00:00]} Nxd5 {[%emt 0:00:00]} 6. Bg2
{[%emt 0:00:00]} Nb6 {[%emt 0:00:00]} 7. O-O {[%emt 0:00:00]} Be7 {[%emt 0:00:
00]} 8. Rb1 {[%emt 0:00:00]} a5 {[%emt 0:00:00]} 9. d3 {[%emt 0:00:00]} Be6 {
[%emt 0:00:01]} 10. Be3 {[%emt 0:00:05]} O-O {[%emt 0:02:11]} 11. d4 {[%emt 0:
01:32]} exd4 {[%emt 0:01:06]} 12. Nxd4 {[%emt 0:00:00]} Nxd4 {[%emt 0:00:00]}
13. Bxd4 {[%emt 0:00:00]} c6 {[%emt 0:00:27]} 14. f4 {[%emt 0:00:00]} f5 {
[%emt 0:02:07]} 15. e4 {[%emt 0:02:10]} Rf7 {[%emt 0:00:00]} 16. Bh3 {[%emt 0:
01:40]} Nc4 {[%emt 0:02:34]} 17. exf5 {[%emt 0:04:24]} Bxf5 {[%emt 0:00:00]}
18. Bxf5 {[%emt 0:00:00]} Rxf5 {[%emt 0:00:00]} 19. Qd3 {[%emt 0:00:21]} Qxd4+
{[%emt 0:00:53]} 20. Qxd4 {[%emt 0:00:00]} Bc5 {[%emt 0:00:00]} 21. Rfd1 {
[%emt 0:00:00]} Bxd4+ {[%emt 0:02:38]} 22. Rxd4 {[%emt 0:00:00]} Ne3 {[%emt 0:
00:00]} 23. Kf2 {[%emt 0:00:57]} Ng4+ {[%emt 0:00:06]} 24. Kg2 {[%emt 0:00:00]}
Re8 {[%emt 0:00:04]} 25. h3 {[%emt 0:00:00]} Nf6 {[%emt 0:00:40]} 26. g4 {
[%emt 0:00:47]} Rc5 {[%emt 0:00:00]} 27. Rbd1 {[%emt 0:00:00]} b5 {[%emt 0:01:
17]} 28. a3 {[%emt 0:00:11]} Re3 {[%emt 0:00:13]} 29. g5 {[%emt 0:01:41]} Nd5 {
[%emt 0:00:19]} 30. Nxd5 {[%emt 0:00:00]} Rxd5 {[%emt 0:00:00]} 31. Rxd5 {
[%emt 0:00:00]} cxd5 {[%emt 0:00:00]} 32. Rxd5 {[%emt 0:00:09]} Re2+ {[%emt 0:
00:00]} 33. Kf3 {[%emt 0:00:00]} Rxb2 {[%emt 0:00:00]} 34. f5 {[%emt 0:00:14]}
Rb3+ {[%emt 0:01:17]} 35. Kg4 {[%emt 0:00:00]} Rxa3 {[%emt 0:00:00]} 36. Rxb5 {
[%emt 0:00:00]} a4 {[%emt 0:00:48]} 37. Ra5 {[%emt 0:01:09]} Ra1 {[%emt 0:00:
00]} 38. g6 {[%emt 0:00:00]} hxg6 {[%emt 0:00:00]} 39. fxg6 {[%emt 0:00:00]}
Kf8 {[%emt 0:00:47]} 40. Ra8+ {[%emt 0:00:01]} Ke7 {[%emt 0:00:00]} 41. Ra7+ {
[%emt 0:00:00]} Kf8 {[%emt 0:00:00]} 42. Ra8+ {[%emt 0:00:39]} Ke7 {[%emt 0:00:
00]} 43. Ra7+ {[%emt 0:00:00]} Kf8 {[%emt 0:00:00]} 44. Kh5 {[%emt 0:00:05]} a3
{[%emt 0:00:33]} 45. Ra8+ {[%emt 0:00:00]} Ke7 {[%emt 0:00:00]} 46. Ra7+ {
[%emt 0:00:01]} Kf8 {[%emt 0:00:00]} 47. Rf7+ {[%emt 0:01:25]} Kg8 {[%emt 0:00:
00]} 48. Rf3 {[%emt 0:00:27]} a2 {[%emt 0:00:40]} 49. Rf2 {[%emt 0:00:00]} Rb1
{[%emt 0:00:00]} 50. Rxa2 {[%emt 0:00:00]} Rb5+ {[%emt 0:00:00]} 51. Kg4 {
[%emt 0:00:00]} Rb4+ {[%emt 0:00:00]} 52. Kg3 {[%emt 0:00:00]} Rb3+ {[%emt 0:
00:00]} 53. Kg4 {[%emt 0:00:04]} Rb4+ {[%emt 0:00:00]} 54. Kf5 {[%emt 0:00:17]}
Rb5+ {[%emt 0:00:00]} 55. Ke4 {[%emt 0:00:00]} Kf8 {[%emt 0:00:00]} 56. Rf2+ {
[%emt 0:00:03]} Ke7 {[%emt 0:00:02]} 57. Rf5 {[%emt 0:00:23]} Rxf5 {[%emt 0:00:
49]} 58. Kxf5 {[%emt 0:00:00]} Kf8 {[%emt 0:00:00]} 59. h4 {[%emt 0:00:10]} Kg8
{[%emt 0:00:00]} 60. h5 {[%emt 0:00:00]} Kh8 {[%emt 0:00:00]} 1/2-1/2

[Event "Paris GCT Rapid"]
[Site "Paris"]
[Date "2017.06.23"]
[Round "8"]
[White "Nakamura, Hikaru"]
[Black "So, Wesley"]
[Result "1/2-1/2"]
[WhiteElo "2785"]
[BlackElo "2812"]
[PlyCount "104"]
[EventDate "2017.06.21"]
[EventType "tourn (rapid)"]
[EventRounds "9"]
[EventCountry "FRA"]
[EventCategory "22"]
[SourceTitle "CBM 179"]
[Source "ChessBase"]
[SourceDate "2017.07.12"]
[SourceVersion "1"]
[SourceVersionDate "2017.07.12"]
[SourceQuality "1"]
[TimeControl "1500"]

1. b3 {[%emt 0:00:00]} d5 {[%emt 0:00:03]} 2. Bb2 {[%emt 0:00:00]} Bf5 {
[%emt 0:00:00]} 3. Nf3 {[%emt 0:00:00]} e6 {[%emt 0:00:00]} 4. g3 {[%emt 0:00:
04]} Nf6 {[%emt 0:00:00]} 5. Bg2 {[%emt 0:00:00]} Be7 {[%emt 0:00:54]} 6. Nh4 {
[%emt 0:00:12]} Be4 {[%emt 0:00:00]} 7. f3 {[%emt 0:00:00]} Bg6 {[%emt 0:00:00]
} 8. Nxg6 hxg6 {[%emt 0:00:00]} 9. e4 {[%emt 0:00:29]} g5 {[%emt 0:01:43]} 10.
Qe2 {[%emt 0:01:43]} Nc6 {[%emt 0:00:49]} 11. e5 {[%emt 0:00:06]} Nh7 {[%emt 0:
00:23]} 12. d4 {[%emt 0:00:00]} Qd7 {[%emt 0:00:00]} 13. c3 {[%emt 0:00:19]} f6
{[%emt 0:05:04]} 14. exf6 {[%emt 0:02:00]} Bxf6 {[%emt 0:00:00]} 15. Bh3 {
[%emt 0:00:28]} Nf8 {[%emt 0:04:00]} 16. Bg4 {[%emt 0:00:00]} Kf7 {[%emt 0:01:
56]} 17. O-O {[%emt 0:01:36]} Ng6 {[%emt 0:00:06]} 18. Na3 {[%emt 0:00:11]}
Nce7 {[%emt 0:01:27]} 19. Rae1 {[%emt 0:00:32]} Nf5 {[%emt 0:00:00]} 20. Nc2 {
[%emt 0:00:04]} Rh6 {[%emt 0:00:18]} 21. Rf2 {[%emt 0:00:00]} Rah8 {[%emt 0:00:
06]} 22. Rg2 {[%emt 0:00:00]} b6 {[%emt 0:00:50]} 23. Ne3 {[%emt 0:00:14]} c5 {
[%emt 0:00:15]} 24. dxc5 {[%emt 0:03:02]} bxc5 {[%emt 0:00:00]} 25. Bxf5 {
[%emt 0:00:20]} exf5 {[%emt 0:00:00]} 26. Rd1 {[%emt 0:00:00]} Ne7 27. Ba3 {
[%emt 0:03:29]} Rc8 {[%emt 0:00:37]} 28. Qd3 {[%emt 0:00:00]} d4 {[%emt 0:01:
06]} 29. cxd4 {[%emt 0:00:00]} Bxd4 {[%emt 0:00:00]} 30. Bxc5 {[%emt 0:00:00]}
Rxc5 {[%emt 0:00:17]} 31. Qxd4 {[%emt 0:00:00]} Qxd4 {[%emt 0:00:10]} 32. Rxd4
{[%emt 0:00:00]} Rc1+ {[%emt 0:00:00]} 33. Rd1 {[%emt 0:01:27]} Rxd1+ {[%emt 0:
00:00]} 34. Nxd1 {[%emt 0:00:00]} Rd6 {[%emt 0:00:00]} 35. Nb2 {[%emt 0:01:30]}
Nc6 {[%emt 0:00:00]} 36. Rc2 {[%emt 0:00:16]} Nd4 {[%emt 0:00:03]} 37. Rc7+ {
[%emt 0:00:00]} Kf6 {[%emt 0:00:00]} 38. Rxa7 {[%emt 0:01:08]} Nxf3+ {[%emt 0:
00:01]} 39. Kf2 {[%emt 0:00:00]} Nxh2 {[%emt 0:00:14]} 40. Nc4 {[%emt 0:00:08]}
Ng4+ {[%emt 0:00:00]} 41. Kf1 {[%emt 0:01:07]} Re6 {[%emt 0:00:39]} 42. a4 {
[%emt 0:00:18]} f4 {[%emt 0:00:09]} 43. gxf4 {[%emt 0:00:41]} gxf4 {[%emt 0:00:
00]} 44. Rd7 {[%emt 0:00:00]} g5 {[%emt 0:00:45]} 45. Rd6 {[%emt 0:00:47]} Ne3+
{[%emt 0:00:28]} 46. Ke2 {[%emt 0:00:21]} Nxc4+ {[%emt 0:00:09]} 47. Rxe6+ {
[%emt 0:00:00]} Kxe6 {[%emt 0:00:00]} 48. bxc4 {[%emt 0:00:00]} Kd6 {[%emt 0:
00:00]} 49. Kf3 {[%emt 0:00:00]} Kc6 {[%emt 0:00:00]} 50. a5 {[%emt 0:00:00]}
Kc5 {[%emt 0:00:00]} 51. Kg4 {[%emt 0:00:00]} Kc6 {[%emt 0:00:00]} 52. Kf3 {
[%emt 0:00:00]} Kc5 {[%emt 0:00:00]} 1/2-1/2

[Event "Paris GCT Rapid"]
[Site "Paris"]
[Date "2017.06.23"]
[Round "9"]
[White "So, Wesley"]
[Black "Karjakin, Sergey"]
[Result "0-1"]
[WhiteElo "2812"]
[BlackElo "2781"]
[Annotator "Yermolinsky,A"]
[PlyCount "78"]
[EventDate "2017.06.21"]
[EventType "tourn (rapid)"]
[EventRounds "9"]
[EventCountry "FRA"]
[EventCategory "22"]
[SourceTitle "CBM 179"]
[Source "ChessBase"]
[SourceDate "2017.07.12"]
[SourceVersion "1"]
[SourceVersionDate "2017.07.12"]
[SourceQuality "1"]

1. c4 e5 2. Nc3 Nf6 3. Nf3 Nc6 4. g3 d5 5. cxd5 Nxd5 6. Bg2 Nb6 7. O-O Be7 8.
Rb1 a5 9. d3 O-O 10. Be3 Be6 11. Bxb6 {I don't believe White can get anything
in this line.} cxb6 12. a3 f5 $1 (12... Re8 13. Nd2 Rc8 14. Nc4 Bc5 15. e3 f6
$14 {was seen in Karjakin(!)-Safarli, 2015}) 13. e3 Bf6 {Sergey finds a much
better place for his bishop.} 14. Rc1 Kh8 15. Re1 Bf7 16. Nb5 Bh5 17. Qc2 Qd7
18. Nd2 Rad8 19. Nc4 ({Better was} 19. Bf1 $142 {but who wants to play like
this?}) 19... Qxd3 20. Qxd3 Rxd3 21. Ncd6 {White is already in a full escape
mode.} Rb3 $6 ({There was a long line to calculate,} 21... e4 22. Nxf5 Bxb2 23.
Bxe4 (23. Rc2 Bxa3 24. Bxe4 Bb4 $17) 23... Rb3 24. Nfd4 Nxd4 25. Nxd4 Bxc1 26.
Nxb3 Bxa3 $17 {For some reason Sergey didn't go for it.}) 22. Nc7 Ne7 23. Ne6
Rb8 24. Rc7 Rxb2 25. Rec1 h6 26. h3 Rd2 $6 27. Nxf5 $2 {Wesley just
miscalculated.} (27. Nc4 Ra2 28. Nxb6 {is, actually, very pleasant for White.})
27... Nxf5 28. Rc8+ Rxc8 29. Rxc8+ Kh7 30. Be4 g6 31. g4 Nd6 32. Rc7+ Kg8 33.
gxh5 $2 (33. Bxb7 Bh4 $17) 33... Nxe4 34. hxg6 Nd6 35. Rd7 b5 36. Kf1 b4 37.
axb4 axb4 38. Ke1 Rd5 39. e4 b3 0-1

[Event "Leon 30th"]
[Site "Leon"]
[Date "2017.07.07"]
[Round "1.4"]
[White "Duda, Jan Krzysztof"]
[Black "So, Wesley"]
[Result "0-1"]
[WhiteElo "2707"]
[BlackElo "2810"]
[PlyCount "80"]
[EventDate "2017.07.07"]
[EventType "k.o. (rapid)"]
[EventRounds "2"]
[EventCountry "ESP"]
[SourceTitle "CBM 180"]
[Source "ChessBase"]
[SourceDate "2017.09.13"]
[SourceVersion "1"]
[SourceVersionDate "2017.09.13"]
[SourceQuality "1"]

1. e4 e6 2. d3 d5 3. Nd2 Nf6 4. Ngf3 c5 5. g3 Nc6 6. Bg2 Be7 7. O-O O-O 8. Re1
b5 9. e5 Nd7 10. Nf1 a5 11. Bf4 b4 12. h4 a4 13. N1h2 a3 14. b3 Bb7 15. Bh3 Rc8
16. Rc1 Re8 17. Ng5 Bxg5 18. hxg5 Nf8 19. Qh5 Nd4 20. Bg2 Re7 21. Ng4 c4 22.
Nf6+ Kh8 23. dxc4 dxc4 24. Rcd1 cxb3 25. cxb3 Bxg2 26. Kxg2 Qb6 27. Re4 Nf5 28.
Ng4 Qb7 29. Rde1 Rc2 30. Qh1 Rxa2 31. Kh3 Rc2 32. Rd1 Rd7 33. f3 a2 34. Ne3
Nxe3 35. Bxe3 Qa6 36. Rxb4 Rxd1 37. Qxd1 a1=Q 38. Rb8 Qf1+ 39. Kh4 Qh1+ 40. Kg4
h5+ 0-1

[Event "Sinquefield Cup 5th"]
[Site "Saint Louis"]
[Date "2017.08.08"]
[Round "6"]
[White "Aronian, Levon"]
[Black "So, Wesley"]
[Result "1-0"]
[WhiteElo "2809"]
[BlackElo "2810"]
[Annotator "Krasenkow,M"]
[PlyCount "63"]
[EventDate "2017.08.02"]
[EventType "tourn"]
[EventRounds "9"]
[EventCountry "USA"]
[EventCategory "22"]
[SourceTitle "CBM 180"]
[Source "ChessBase"]
[SourceDate "2017.09.13"]
[SourceVersion "1"]
[SourceVersionDate "2017.09.13"]
[SourceQuality "1"]

1. d4 Nf6 2. c4 e6 3. Nf3 d5 4. Nc3 Bb4 5. Bg5 h6 6. Bxf6 Qxf6 7. Qa4+ Nc6 8.
e3 O-O 9. Be2 {This is less favourable here than after} (9. Rc1 Rd8 $6 {
The development of White's rook is more useful, and the f7-point becomes
vulnerable in some lines (see Navara - Leko in this issue).}) 9... dxc4 (9...
Bd7 $5 {is another common move.}) 10. O-O Bxc3 (10... Bd7 {is more accurate}
11. Bxc4 $140 Bxc3 12. bxc3 {avoiding the game line.}) (10... a6 11. Bxc4 {
is hardly satisfactory for Black, as tournament practice shows.}) 11. bxc3 Bd7
(11... e5 {doesn't solve Black's problems:} 12. Qxc4 exd4 (12... Rd8 13. dxe5
Qe7 14. Rfd1 Re8 15. Qf4 a6 16. Bc4 Be6 17. Bd3 Rad8 18. Nd4 $16 {1-0 (65)
Ragger,M (2655)-Paikidze,N (2411) Moscow 2012}) (12... Bf5 13. dxe5 Nxe5 14.
Qxc7 Nd3 15. Rad1 $16 {1-0 (27) Moranda,W (2559)-Rosenthal,D (2413) Germany
2013}) (12... Qd6 13. Rfd1 Re8 14. Qa4 Qe7 15. Bb5 Bd7 16. Nxe5 Nxe5 17. dxe5
c6 18. Be2 Bf5 19. f4 $16 {1-0 (52) Zhukova,N (2456)-Khurtsilava,I (2212)
Chakvi 2015}) 13. cxd4 Bg4 (13... Rd8 14. Rab1 $5) 14. Rab1 Qd6 15. Rfc1 Rab8
16. Qc3 Rfc8 17. h3 Bf5 18. Rb5 Ne7 19. Ne5 $14 {1/2 (84) Gavrilov,A (2425)
-Rzayev,B (2400) Prague 2016}) 12. Qxc4 (12. Bxc4 {leads to the line usually
arising after 10...Bd7. It is more comfortable for Black, who can easily
neutralise White's small edge:} Rfd8 (12... Qe7 13. Qc2 $5 (13. Be2 e5 (13...
b6 14. Qb3 Rac8 15. Rfd1 Na5 16. Qb2 c5 $11 {0-1 (47) Fressinet,L (2687)-Giri,
A (2782) Paris 2016}) 14. Qb3 b6 15. Qc4 Rac8 16. Nd2 Na5 17. Qb4 c5 18. Qa3
Rfe8 $11 {1-0 (62) Fedoseev,V (2601)-Aleksandrov,A (2586) Khanty-Mansiysk 2013}
) 13... Na5 14. Bd3 c5 15. Ne5 Rfd8 16. f4 Be8 17. Qf2 (17. Qe2 Rac8 18. f5 f6
19. Ng4 {0-1 (44) Hansen,C (2621)-Hammer,J (2665) Oslo 2015} h5 20. Nf2 e5 $1 {
I.Stohl}) 17... Nc6 18. Qg3 f5 19. Nf3 Rac8 20. Qf2 cxd4 21. exd4 Qa3 22. Qd2
Bh5 $11 (22... Ne7 $143 23. Rac1 Bh5 24. Ne5 Nd5 25. Bc4 b5 26. Bb3 $14 {
1/2 (32) Ribli,Z (2555)-Movsesian,S (2677) Munich GER 2016})) 13. Qc2 (13. Qa3
Qe7 14. Qxe7 (14. Qb2 Na5 15. Bd3 c5 16. e4 Be8 17. Rad1 cxd4 18. cxd4 Rac8 $11
{1/2 (67) Shankland,S (2661)-Aronian,L (2770) Tsaghkadzor 2015}) 14... Nxe7 15.
Ne5 (15. a4 c5 16. Rfb1 Rab8 17. Ne5 Be8 18. a5 Rdc8 19. Bb5 Rc7 20. Bxe8 Rxe8
21. Nd3 cxd4 22. cxd4 Nd5 $11 {1/2 (45) Sargissian,G (2679)-Fressinet,L (2702)
Douglas 2015}) 15... Be8 16. Rfb1 Rab8 17. a4 b6 18. a5 Nc6 19. Nxc6 Bxc6 20.
f3 Kf8 21. Kf2 Ke7 22. Be2 f6 $11 {1/2 (46) Navara,D (2730)-So,W (2773) Wijk
aan Zee 2016}) (13. Be2 Be8 (13... e5 $5 14. Qb3 b6 15. Rfd1 Bf5 $132 {I.Stohl}
) 14. Qa3 Qe7 15. Qb2 b6 (15... Na5 16. Qb4 $5 Qxb4 17. cxb4 Nc6 18. Rab1 $14 {
1-0 (58) Topalov,V (2798)-Aronian,L (2780) Stavanger 2015 CBM 167 [Stohl,I]})
16. Nd2 Na5 17. Nb3 Nxb3 18. axb3 a5 $11 {1/2 (32) Vachier Lagrave,M (2731)
-Aronian,L (2765) Saint Louis 2015}) 13... Na5 14. Be2 (14. Bd3 c5 15. Ne5 Be8
16. f4 Rac8 17. Qf2 cxd4 18. cxd4 Qe7 $13 {1/2 (50) Sanikidze,T (2537)
-Libiszewski,F (2533) Drancy 2016}) 14... c5 15. Ne5 Be8 16. Qe4 Nc6 17. f4
Rac8 18. Rad1 Qe7 19. c4 f5 20. Nxc6 Bxc6 21. Qe5 cxd4 22. Rxd4 Kf7 23. Rfd1 g6
$11 {1/2 (35) Bu Xiangzhi (2711)-Le Quang Liem (2712) Ho Chi Minh City VIE 2017
}) 12... Rac8 (12... Rfd8 13. Nd2 (13. Bd3 $5 {[%cal Yd3e4]}) (13. Rab1 $5)
13... Rac8 14. Nb3 Qe7 15. a4 a5 16. Bf3 $14 {1-0 (43) Ushenina,A (2438)
-Milliet,S (2356) Reykjavik 2015}) 13. Rad1 (13. Bd3 $5 {[%cal Yd3e4]}) 13...
Rfd8 14. Nd2 (14. Qb3 Na5 15. Qa3 b6) 14... Na5 15. Qb4 b6 16. Ba6 Rb8 17. Ne4
Qf5 18. Bd3 Bc6 19. f3 Bxe4 $2 {[%mdl 16384] A positional mistake. Black
trades his strong bishop and opens up the f-file for White.} (19... Nb7 $14 {
[%cal Yf5a5]}) 20. fxe4 Qg5 21. Rf3 c5 22. Qb2 e5 23. Rdf1 $1 cxd4 24. cxd4 Rb7
25. d5 {[%csl Ra5]} Rc7 26. h4 $1 {Black loses his crucial e5-pawn, after
which White's central pawn avalanche starts crushing his position.} Qxh4 (26...
Qh5 27. Rf5) 27. Qxe5 Qe7 (27... Re7 28. Qc3 Nb7 29. e5 $1 Rxd5 30. Qb3 $16 {
[%csl Rf7]}) 28. Qg3 Qc5 $2 {[%mdl 8192] This loses at once.} (28... Qd6 {
was more stubborn but after} 29. e5 $1 Qxd5 30. e6 Qd6 $8 31. Bh7+ $1 Kxh7 32.
Qxd6 Rxd6 33. exf7 Rd8 34. f8=Q Rxf8 35. Rxf8 $16 {White kept good winning
chances.}) 29. Rf6 $1 {[%cal Rf6h6]} h5 (29... Kf8 30. Rg6 $1 Qc3 31. e5 Qxd3
32. Rxg7 $18) 30. Rh6 $1 Qc3 31. Rxh5 g6 32. e5 $1 (32. e5 Qxd3 33. Qh4 gxh5
34. Qxd8+ $18) 1-0

[Event "London Classic 9th"]
[Site "London"]
[Date "2017.12.05"]
[Round "4"]
[White "So, Wesley"]
[Black "Adams, Michael"]
[Result "1/2-1/2"]
[WhiteElo "2788"]
[BlackElo "2715"]
[PlyCount "62"]
[EventDate "2017.12.01"]
[EventType "tourn"]
[EventRounds "9"]
[EventCountry "ENG"]
[EventCategory "22"]
[SourceTitle "CBM 182"]
[Source "ChessBase"]
[SourceDate "2018.01.17"]
[SourceVersion "1"]
[SourceVersionDate "2018.01.17"]
[SourceQuality "1"]

1. Nf3 d5 2. g3 c5 3. c4 d4 4. b4 cxb4 5. a3 bxa3 6. Bg2 Nc6 7. Bxa3 e5 8. Bxf8
Kxf8 9. d3 g6 10. O-O Kg7 11. Nbd2 Nf6 12. Qb3 h6 13. Qb2 Re8 14. Ra3 Re7 15.
e3 dxe3 16. fxe3 Bg4 17. d4 Bxf3 18. Nxf3 exd4 19. exd4 Qd6 20. d5 Ne5 21. Nxe5
Qxe5 22. Qxe5 Rxe5 23. d6 Rd8 24. Rxa7 Rxd6 25. Rxb7 Rd7 26. Rb6 Ng4 27. Bh3 h5
28. Bxg4 hxg4 29. Rb2 Rc5 30. Rc2 Rd4 31. Rf4 Rxf4 1/2-1/2

[Event "London Classic 9th"]
[Site "London"]
[Date "2017.12.10"]
[Round "8"]
[White "So, Wesley"]
[Black "Karjakin, Sergey"]
[Result "1/2-1/2"]
[WhiteElo "2788"]
[BlackElo "2760"]
[PlyCount "112"]
[EventDate "2017.12.01"]
[EventType "tourn"]
[EventRounds "9"]
[EventCountry "ENG"]
[EventCategory "22"]
[SourceTitle "CBM 182"]
[Source "ChessBase"]
[SourceDate "2018.01.17"]
[SourceVersion "1"]
[SourceVersionDate "2018.01.17"]
[SourceQuality "1"]

1. d4 Nf6 2. c4 e6 3. g3 Bb4+ 4. Bd2 Be7 5. Nf3 d5 6. Bg2 O-O 7. O-O Nbd7 8.
Qc2 c6 9. Bf4 b6 10. cxd5 cxd5 11. Rc1 Bb7 12. Qb3 Rc8 13. Rxc8 Qxc8 14. Nc3
Nh5 15. Bg5 Bxg5 16. Nxg5 Nhf6 17. e3 Qb8 18. Bf1 Rc8 19. a4 h6 20. Nf3 Ne4 21.
a5 Bc6 22. axb6 Nxc3 23. Qxc3 Nxb6 24. Qa3 Rc7 25. Ne5 Be8 26. Qb4 Nd7 27. Qxb8
Nxb8 28. Nd3 Rb7 29. Ra2 Nc6 30. Nc5 Rb6 31. b3 Kf8 32. Ba6 Nb4 33. Ra3 Nxa6
34. Nxa6 Bb5 35. Nc5 a6 36. f4 Ke7 37. Kf2 f6 38. g4 Rc6 39. Ra2 g5 40. Rc2 Rc8
41. Kg3 gxf4+ 42. exf4 e5 43. fxe5 fxe5 44. dxe5 d4 45. Rc1 Rd8 46. Nb7 Rd5 47.
Rc5 Ke6 48. Kf4 d3 49. Rxd5 Kxd5 50. Ke3 Kxe5 51. h4 d2 52. Kxd2 Kf4 53. g5
hxg5 54. hxg5 Kxg5 55. Nc5 Kf6 56. Nxa6 Ke5 1/2-1/2

[Event "Norway Masters blitz 6th"]
[Site "Stavanger"]
[Date "2018.05.27"]
[Round "7"]
[White "Mamedyarov, Shakhriyar"]
[Black "So, Wesley"]
[Result "0-1"]
[WhiteElo "2808"]
[BlackElo "2778"]
[PlyCount "78"]
[EventDate "2018.05.27"]
[EventType "tourn (blitz)"]
[EventRounds "9"]
[EventCountry "NOR"]
[EventCategory "22"]
[SourceTitle "CBM 185"]
[Source "ChessBase"]
[SourceDate "2018.07.13"]
[SourceVersion "1"]
[SourceVersionDate "2018.07.13"]
[SourceQuality "1"]

1. d4 Nf6 2. Bg5 d5 3. Bxf6 gxf6 4. e3 c5 5. Nf3 Nc6 6. c4 cxd4 7. exd4 e5 8.
Nc3 dxc4 9. dxe5 Qxd1+ 10. Rxd1 fxe5 11. Bxc4 Bb4 12. Ng5 f6 13. Nge4 Ke7 14.
O-O Bxc3 15. bxc3 Na5 16. Bd5 Rd8 17. f4 f5 18. Ng5 e4 19. Nxh7 Be6 20. Bxe6
Kxe6 21. Ng5+ Kf6 22. g4 Nc4 23. Rde1 e3 24. gxf5 Nd2 25. Rxe3 Nxf1 26. Kxf1
Kxf5 27. Re7 Rd2 28. Rf7+ Kg6 29. Rxb7 Rxa2 30. c4 Rd8 31. Ke1 Rd4 32. Nf3 Re4+
33. Kd1 Rxf4 34. Rb3 Kf6 35. Rc3 Ke6 36. c5 Kd7 37. Kc1 Kc7 38. h4 Rf2 39. Ng5
Rxh4 0-1

[Event "Paris GCT blitz"]
[Site "Paris"]
[Date "2018.06.23"]
[Round "4"]
[White "Karjakin, Sergey"]
[Black "So, Wesley"]
[Result "1-0"]
[WhiteElo "2782"]
[BlackElo "2778"]
[Annotator "Yermolinsky,A"]
[PlyCount "81"]
[EventDate "2018.06.23"]
[EventType "tourn (blitz)"]
[EventRounds "18"]
[EventCountry "FRA"]
[EventCategory "22"]
[SourceTitle "CBM 185"]
[Source "ChessBase"]
[SourceDate "2018.07.13"]
[SourceVersion "1"]
[SourceVersionDate "2018.07.13"]
[SourceQuality "1"]

1. e4 e6 2. d4 d5 3. Nc3 Bb4 4. e5 c5 5. a3 Bxc3+ 6. bxc3 Ne7 7. h4 Qc7 8. h5 {
So likes this line having used it twice against Dominguez and once against
Hansen, all in 2017.} h6 9. Nf3 ({Lenier preferred} 9. Rb1) 9... b6 10. a4 (10.
Bb5+ Bd7 11. Bd3 Ba4 {is considered to be main line. The above mentioned game
went} 12. Bd2 Nd7 13. O-O a6 14. Re1 Bb5 15. Bxb5 axb5 16. Qe2 O-O 17. Qxb5 Ra5
18. Qe2 Ra4 19. g4 Rfa8 {(Hansen-So, Chess.com PRO League 2017) with a great
position for Black.}) 10... Ba6 11. Bb5+ Bxb5 12. axb5 a5 13. bxa6 Rxa6 14.
Rxa6 Nxa6 15. Qd3 Nb8 16. O-O Nd7 17. Bf4 {By the looks of it Black shouldn't
be having any issues here.} O-O ({Even} 17... Qa7 {was possible.}) 18. Ra1 Rc8
19. Qd2 Kh7 20. Qd3+ Kg8 21. Qd2 Kh7 {Making it clear that Black doesn't mind
a draw.} 22. g4 {Sergey felt obliged to push forward.} Qc6 23. Qd3+ Kh8 24. Bg3
Ra8 25. Rxa8+ Qxa8 26. Bh4 Ng8 $6 {Very passive.} ({on} 26... Nc6 27. g5 {
feels threatening.}) ({Best was} 26... g5 $1 27. hxg6 Nxg6 28. Bg3 Kg7 {
preparing to invade with the queen.}) 27. Kg2 Qa4 28. g5 Qc4 $6 {Suddenly
Wesley decides to counter-attack.} (28... Nf8 29. Nh2 Qe8 {would have been a
logical continuation of Black's strategy.}) 29. Qd2 b5 $2 30. Qf4 cxd4 31. Qxf7
{With the fall of the f7-pawn Black may not like the resulting endgames even
if he survives the mating attack, as the following notes demonstrate.} d3 (
31... dxc3 32. Qxe6 Nc5 33. Qf5 Qe4 34. Qxe4 dxe4 ({Not} 34... Nxe4 {as} 35. g6
{shuts down two black pieces.}) 35. Nd4 hxg5 36. Bxg5 Nh6 37. Nxb5) 32. cxd3
Qg4+ 33. Bg3 Nc5 34. gxh6 (34. Nh4 Kh7 35. Qg6+ Kh8 36. f3 Qxg5 37. f4 Qxg6 38.
Nxg6+ Kh7 39. d4 {was another example of how to entomb the black knight and
king.}) 34... gxh6 35. Nh4 Qg7 36. Ng6+ Kh7 37. Qe8 d4 38. cxd4 Qb7+ 39. Kh2
Nxd3 40. Qxe6 Qf3 41. Qd7+ 1-0